000 00686cam a2200241 4500
001 J1799
008 090401t1993 xxu||||| |||| 00| 0 eng d
035 _a(Sirsi) u45535
041 _aeng
050 _a711.10212
110 _aUnited Kingdom
_bDepartment of the Environment
_9982
245 _aDevelopment control statistics: England 1991/92.
260 _aLondon
_bDepartment of the Environment
_c1993
300 _aiv,66p. : ill.,maps ; 30cm.
350 _a5
650 _aDEVELOPMENT CONTROL
650 _aPLANNING APPEALS
650 _aPLANNING APPLICATIONS
650 _aPLANNING DECISIONS
690 _aPLANNING LAW AND PRACTICE
942 _n0
948 _c04/03/1997
999 _c91752
_d91752